00366nam a2200145Ia 4500003000400000005001700004008004100021040000900062082001900071100002300090245003600113260004400149300000900193650001800202OSt20201015093650.0190216s9999||||xx |||||||||||||| ||und|| coclc a823.914bMAR/P aMarkandaya, Kamala 0aPossession /cKamala Markandaya bJaico Publishing House,c1967.aBombay: a233p aEnglish Novel